| 000 | 00610nam a22002177a 4500 | ||
|---|---|---|---|
| 005 | 20170124105947.0 | ||
| 010 | _aA-708573 | ||
| 020 | _c00.00 | ||
| 035 | _aA-708573 | ||
| 037 | _bCen Lib/Ret | ||
| 040 |
_aDPL _bEN |
||
| 082 |
_a332.63 _bYOU |
||
| 100 |
_aYoung, Fred J. _912634 |
||
| 245 |
_aHow to get rich and stay rich / _cby Fred J. Young |
||
| 260 |
_aBombay _bTaraporevala _c1993 |
||
| 270 |
_bBombay _a210 DR. D. Naoroji Road _e400001 |
||
| 300 |
_axi,175p. _c20cm(Hb) |
||
| 650 |
_aFinance, Personal _912635 |
||
| 650 |
_aInvestments _975397 |
||
| 942 |
_2ddc _cEN _h332.63 _mYOU |
||
| 999 |
_c124996 _d124996 |
||